Pájaro Anual

Gardado en:
Detalles Bibliográficos
Autor Principal: Colussi, Guillermo
Formato: Libro
Idioma:Undetermined
Publicado: Rosario, Argentina Ediciones Cachimba 1974
Materias:
Etiquetas: Engadir etiqueta
Sen Etiquetas, Sexa o primeiro en etiquetar este rexistro!

MARC

LEADER 00000nam a2200000Ia 4500
008 170316s9999 xx 000 0 und d
040 |a cru BVZT 
090 |a 860 C-38p 
100 |a Colussi, Guillermo 
245 |a Pájaro Anual 
260 |a Rosario, Argentina 
260 |b Ediciones Cachimba 
260 |c 1974 
300 |a 59 páginas 
650 |a LITERATURA LATINOAMERICANA 
999 |c 8528  |d 8528 
942 |c 15 D  |h 860 C-38p  |2 z